Informácia pridaná hodnota destinačného manažmentu v hlavnom meste SR Bratislava

Na minha lista:
Detalhes bibliográficos
Autor principal: Novacká, Ľudmila, 1953-
Formato: Capítulo de Livro
Idioma:eslovaco
Assuntos:
Tags: Adicionar Tag
Sem tags, seja o primeiro a adicionar uma tag!

MARC

LEADER 00000nla a2200000 4500
001 0165865
005 20240502072905.4
041 0 |a slo 
044 |a SK 
245 1 0 |a Informácia pridaná hodnota destinačného manažmentu v hlavnom meste SR Bratislava  |c Ľudmila Novacká 
500 |a Prezentácia 
610 2 0 |a ruch cestovný 
610 2 0 |a manažment 
610 2 0 |a manažment informačný 
610 2 0 |a informácie 
100 1 |a Novacká, Ľudmila, 1953-